Sociolgy in a changing world

Na minha lista:
Detalhes bibliográficos
Autor principal: LATA, Prem
Formato: Livro
Idioma:inglês
Publicado em: Book Shores 2019
Tags: Adicionar Tag
Sem tags, seja o primeiro a adicionar uma tag!

MARC

LEADER 00000nam a22000007a 4500
008 231003b |||||||| |||| 00| 0 eng d
020 |a 978-93-86807069 
100 |a LATA, Prem 
245 |a Sociolgy in a changing world  |c /Prem Lata  |g vi, 272p 
260 |b Book Shores  |c 2019  |h New Delhi  |i 700465  |i 700466  |l HM586.L34  |m Sopciology 
500 |a it includes references and index 
942 |a lcc  |c BK  |e Johnson  |f 03/10/23 
952 |0 0  |1 0  |2 lcc  |4 0  |6 HM0586 L34  |7 0  |9 4524  |a SSL  |b HOL  |c GJ  |d 2023-10-03  |l 0  |o HM586.L34  |p 2023-0444  |r 2023-10-03 00:00:00  |t 700465  |w 2023-10-03  |y BK 
952 |0 0  |1 0  |2 lcc  |4 0  |6 HM0586 L34  |7 0  |9 4525  |a HOL  |b HOL  |c GJ  |d 2023-10-03  |l 0  |o HM586.L34  |p 2023-0445  |r 2023-10-03 00:00:00  |t 700466  |w 2023-10-03  |y BK 
999 |c 2265  |d 2265